| Tag |
First Indicator |
Second Indicator |
Subfields |
| LEADER |
00000cam a2200000 a 4500 |
| 001 |
in00000397828 |
| 005 |
20151012053144.0 |
| 008 |
840613s1983 txuabfh b 00010 eng |
| 010 |
|
|
|a 83177809
|
| 020 |
|
|
|a 0874041317 (pbk.)
|
| 035 |
|
|
|a (OCoLC)09669803
|
| 035 |
|
|
|9 ABU3347AM
|
| 039 |
0 |
|
|a 2
|b 3
|c 3
|d 3
|e 3
|
| 040 |
|
|
|a DLC
|c DLC
|d TXA
|d UtOrBLW
|
| 043 |
|
|
|a n-ust--
|
| 049 |
|
|
|a TXAM
|c [A09529846]
|
| 050 |
0 |
0 |
|a HE5748.A165
|b M84 1983
|
| 082 |
0 |
|
|a 388.3/228/0979
|2 19
|
| 100 |
1 |
|
|a Mullin, Robert N.
|q (Robert Norville)
|
| 245 |
1 |
0 |
|a Stagecoach pioneers of the Southwest /
|c by Robert N. Mullin.
|
| 264 |
|
1 |
|a El Paso :
|b Texas Western Press, the University of Texas at El Paso,
|c [1983]
|
| 264 |
|
4 |
|c ©1983
|
| 300 |
|
|
|a xii, 48 pages, 3 unnumbered pages of plates :
|b illustrations, map, facsimiles ;
|c 23 cm.
|
| 336 |
|
|
|a text
|b txt
|2 rdacontent
|
| 337 |
|
|
|a unmediated
|b n
|2 rdamedia
|
| 338 |
|
|
|a volume
|b nc
|2 rdacarrier
|
| 490 |
1 |
|
|a Southwestern studies ;
|v monograph no. 71
|
| 504 |
|
|
|a Includes bibliographical references.
|
| 650 |
|
0 |
|a Coaching (Transportation)
|z Southwest, New
|x History
|y 19th century.
|
| 650 |
|
0 |
|a Frontier and pioneer life
|z Southwest, New.
|
| 651 |
|
0 |
|a Southwest, New
|x History
|y 1848-
|
| 830 |
|
0 |
|a Southwestern studies (El Paso, Tex.) ;
|v monograph no. 71.
|
| 999 |
|
|
|a MARS
|
| 999 |
f |
f |
|s abab2c75-0c7e-3455-8aaa-bc60d6551230
|i 4078dc76-6b6a-387c-b393-be929a370f84
|t 0
|
| 952 |
f |
f |
|p ric
|a Texas A&M University
|b Rellis Campus
|c Joint Library Facility
|d Remote Storage
|t 0
|e HE5748.A165 M84 1983
|h Library of Congress classification
|i unmediated -- volume
|m A14809529846
|
| 998 |
f |
f |
|a HE5748.A165 M84 1983
|t 0
|l Remote Storage
|